000 00649nam a2200169 a 4500
008 091001s1992 ||||||||||||||||| || u
050 _aACU(02)1992/1
110 _aAssociation of Commonwealth Universities
245 1 0 _aList of University institutions in the Commonwealth. (34th ed. 1992)
250 _a34th ed.
260 _aLondon:
_bACU
_c1992
300 _a41p.
350 _a0.00
650 _aMANAGEMENT INFORMATION SYSTEMS
650 _aCOMMONWEALTH UNIVERSITIES--DIRECTORY
995 _D0.00
_FCBU-MAIN LIBRARY (Kitwe)
_H1
_I0.00
_M1
_UAVAILABLE
_WOct 1, 2009
_ZInternational Publications
999 _c49347
_d49347